| 000 | 00500nam a2200169Ia 4500 | ||
|---|---|---|---|
| 999 |
_c8610 _d8610 |
||
| 003 | OSt | ||
| 005 | 20201008120114.0 | ||
| 008 | 190216s9999||||xx |||||||||||||| ||und|| | ||
| 040 | _coclc | ||
| 082 |
_a001.64 _bULL/P |
||
| 100 |
_aUllman, Jeffrey D _95462 |
||
| 245 | 0 |
_aPrinciples Of Database Systems / _cJeffrey D Ullman |
|
| 250 | _a2nd Ed. | ||
| 260 |
_bGalgotia Publication Pvt Ltd, _c1999. _aNew Delhi: |
||
| 300 | _a484p | ||
| 942 |
_cBK _2ddc _h001.64 _iULL/P _k001.64 _mULL/P |
||